Statystyki dla Morza na świecie

Kliknij tutaj aby rozwiązać quiz!

Ogólne statystyki

  • Ten quiz został rozwiązany 624 razy
  • Średni wynik to 16 z 57

Statystyki odpowiedzi

Powierzchnia (km2)Morze% Poprawnych
36.415 tys.Morze Bałtyckie
96%
35.422 tys.Morze Czarne
93%
8.2,5 mln.Morze Śródziemne
83%
33.460 tys.Morze Czerwone
82%
29.565 tys.Morze Północne
73%
7.2,75 mln.Morze Karaibskie
61%
16.978 tys.Morze Japońskie
58%
48.90 tys.Morze Białe
56%
44.139 tys.Morze Adriatyckie
54%
42.196 tys.Morze Egejskie
49%
4.3,86 mln.Morze Arabskie
48%
13.1,38 mln.Morze Norweskie
47%
10.2 mln.Morze Beringa
45%
5.3,53 mln.Morze Południowochińskie
44%
43.169 tys.Morze Jońskie
38%
3.4,79 mln.Morze Koralowe
36%
12.1,42 mln.Morze Barentsa
34%
22.752 tys.Morze Wschodniochińskie
31%
1.6,3 mln.Morze Sargassowe
28%
9.2,33 mln.Morze Tasmana
28%
11.1,58 mln.Morze Ochockie
26%
55.37 tys.Morze Azowskie
24%
41.231 tys.Morze Tyrreńskie
24%
2.5,72 mln.Morze Filipińskie
23%
45.105 tys.Morze Irlandzkie
22%
15.1,2 mln.Morze Grenlandzkie
21%
24.689 tys.Morze Baffina
20%
57.11 tys.Morze Marmara
20%
18.883 tys.Morze Karskie
19%
30552 tys.Morze Jawajskie
18%
31.476 tys.Morze Beauforta
17%
34.453 tys.Morze Celebes
17%
28.582 tys.Morze Czukockie
17%
27.615 tys.Morze Timor
16%
26.650 tys.Morze Arafura
15%
20.798 tys.Morze Andamańskie
13%
53.45 tys.Morze Celtyckie
13%
25.662 tys.Morze Łaptiewów
13%
17.936 tys.Morze Wschodniosyberyjskie
13%
50.84 tys.Morze Liguryjskie
12%
23.723 tys.Morze Salomona
12%
4986 tys.Morze Balearskie
11%
32.470 tys.Morze Banda
11%
6.3,17 mln.Morze Fidżi
11%
19.841 tys.Morze Labradorskie
10%
37.335 tys.Morze Sulu
10%
51.53 tys.Morze Alborańskie
7%
40.240 tys.Morze Flores
7%
39.290 tys.Morze Moluckie
7%
21.786 tys.Morze Lakkadiwskie
6%
47.95 tys.Morze Halmahera
5%
46.104 tys.Morze Sawu
5%
14.1,3 mln.Morze Scotia
5%
52.47 tys.Morze Hebrydzkie
4%
54.38 tys.Morze Lincolna
4%
38.310 tys.Morze Nowogwinejskie
4%
56.21 tys.Morze Mindanao
1%

Rozkład punktacji

Percentyl według liczby udzielonych odpowiedzi

Procent ludzi z każdym wynikiem

Twoja historia wyników

Nie rozwiązałeś tego quizu